Afghanistan Vrai ou Faux - Statistiques

Statistiques générales
  • Ce quiz a été pris 205 fois
  • Le résultat moyen est 10 sur 15
Statistiques - réponses
Question Réponse % Correct
L'Afghanistan a déjà été envahie par l'Union Soviétique. Vrai
91%
Les Talibans sont maintenant au pouvoir en Afghanistan Vrai
88%
En Afghanistan, il est courant de se marier avec son cousin au premier degré. Vrai
88%
L'Afghanistan est le plus gros producteur mondial de pavot à opium. Vrai
84%
L'Afghanistan a déjà eu un roi. Vrai
78%
L'Afghanistan est l'un des principaux exportateurs de pétrole. Faux
75%
Les pachtounes sont un groupe ethnique majeur en Afghanistan. Vrai
75%
Une armée britannique a été presque complètement détruite en tentant de fuir l'Afghanistan. Vrai
75%
Kaboul est à plus de 1000 mètres d'altitude. Vrai
66%
Khaled Hosseini a été l'un des présidents de l'Afghanistan. Faux
59%
Oussama ben Laden était de facto le dirigeant de l'Afghanistan de 1996 à 2001 Faux
56%
Kandahar a été fondée par Alexandre le Grand. Vrai
53%
Obama a reçu le Prix Nobel de la Paix pour avoir mis un terme au conflit en Afghanistan. Faux
47%
L'Afghanistan comprend de larges minorités chrétiennes et hindous. Faux
44%
La population de l'Afghanistan a déclinée depuis 1980 à cause des nombreuses guerres et occupations que la pays a connu. Faux
25%
Aucun quiz correspondant
Distribution des résultats
% des personnes avec chaque résultat
Percentile par nombre de réponses
Votre historique - résultats
Vous n’avez pas pris ce quiz